000 00485nam a22001697a 4500
999 _c7229
_d7229
003 GBCCL
005 20241126110623.0
008 180719b ||||| |||| 00| 0 eng d
040 _cgbc
082 _aVER 275.417
_bLAL
100 _aLalchhawnzou
_912801
245 _aManipur ram a Chanchin tha luh dan /
_cLalchhawnzou
260 _aChurachandpur:
_bTuithaphai Presbyterian,
_c1982
300 _a110 p.;
_c18 cm.
650 _aChristianity
_zManipur
_xHistory
_912802
942 _2ddc
_cBK
_01